000 01670nam a2200469 a 4500
001 21740
003 VRT
005 20260309112009.0
008 160610s2008 xo a b 000 j slo
015 _aSNBA2008/10-04636
020 _a9788055118062 (viaz.)
035 _a6FA32B3E-1EAA-4275-A743-859D2C599B15
035 _aurn:nbn:sk:snk-aml1h6
035 _aurn:nbn:sk:snk-am008n2p
039 9 _a202303221031
_bmsnk170
_c201606101543
_dVLOAD
_c201309191603
_dcsnk01
_c201309191602
_dcsnk01
040 _aSNK
_bslo
_cSNK
_eAACR2
041 1 _aslo
_hcze
044 _axo
_cSK
072 7 _a821.162.3
_xČeská literatúra
_2konspekt
072 7 _a821-93
_xLiteratúra pre deti a mládež
_2konspekt
080 _a821.162.3-34
_22001
080 _a821-93
_22001
100 1 _aSekora, Ondřej,
_d1899-1967
_4ill
240 1 0 _aMravenci se nedají
_lSlovensky
245 1 0 _aMravce sa nedajú
_cnapísal a nakreslil Ondřej Sekora ; [z českého originálu preložila Hana Zelinová]
250 _a1. vyd.
260 _aBratislava
_bIkar
_c2008
500 _aCelkovo 2. vyd.
655 7 _ačeské rozprávky
_2SNKPH
655 7 _aautorské rozprávky
_2SNKPH
655 7 _apublikácie pre deti
_2SNKPH
700 1 _aZelinová, Hana,
_d1914-2004
_4trl
910 _asnk
910 _asavuk
942 _2ddc
_cKLDE
_n0
949 _6273K0500305
_asvkpoB 80757
_bsvkpo510912
949 _6270001000328825
_asvkbbB 41542
_bsvkbbm 692385
_oTL;
949 _62889148687
_asavukPV 12509
_bsavuk2009/2676
949 _617A0598968
_asnkSC 132981
_bsnk2008/17215
_o1870/08
_s6100:20151111
949 _617A0598967
_asnkSC 132981 D1
_bsnk2008/17216
_o1870/08
980 _a821.162.3-34
999 _c21740
_d21740